banner koha

Reducao da dose de herbicidas utilizados em soja em funcao da variacao de espacamento [Glycine max] (Registro n. 316506)

MARC details
000 -LÍDER
campo de controle de tamanho fixo 01120naa a22003137a 4500
001 - NÚMERO DE CONTROLE
campo de controle BR8400172
003 - IDENTIFICADOR DO NÚMERO DE CONTROLE
campo de controle BR-BrBNA
005 - DATA E HORÁRIO DA ÚLTIMA TRANSAÇÃO
campo de controle 20240918175410.0
007 - CAMPO FIXO DE DESCRIÇÃO FÍSICA--INFORMAÇÃO GERAL
campo de controle de tamanho fixo ta
008 - CAMPO DE DADOS FIXOS--INFORMAÇÃO GERAL
campo de controle de tamanho fixo 230509b bl.||||| |||| 00| 0 por d
040 ## - FONTE DA CATALOGAÇÃO
Instituição da catalogação original BR-BrBNA
Idioma da catalogação por
Instituição que transcreveu o registro Biblioteca Nacional de Agricultura
041 ## - CÓDIGO DE IDIOMA
Código do idioma do texto/trilha sonora ou título diferente (Pt)
072 ## - CÓDIGO DE CATEGORIA DE ASSUNTO
Código de Categoria de Assunto H60
Código do objeto 0336
-- 3876
090 ## - NÚMERO DE CHAMADA LOCAL
Número de chamada H60 BR8400172
100 1# - ENTRADA PRINCIPAL--NOME PESSOAL
Nome pessoal Xavier, F.E.
100 1# - ENTRADA PRINCIPAL--NOME PESSOAL
Nome pessoal Pinto, J.J.O.
100 1# - ENTRADA PRINCIPAL--NOME PESSOAL
Nome pessoal Brauner, G.L.
245 1# - TÍTULO
Título Reducao da dose de herbicidas utilizados em soja em funcao da variacao de espacamento [Glycine max]
246 1# - FORMA VARIANTE DO TÍTULO
Título/título abreviado [Reduction of herbicide doses used in soybean regarding spacing variation [Glycine max]]
246 1# - FORMA VARIANTE DO TÍTULO
Título/título abreviado [Soybean research findings 1981/82]
260 3# - PUBLICAÇÃO, DISTRIBUIÇÃO, ETC.
Local de publicação, distribuição, etc. Pelotas, RS (Brasil):
Data da publicação, distribuição, etc. 1983.
500 ## - NOTA GERAL
Nota geral Resultados de pesquisa de soja 1981/82<br/>Pelotas, RS (Brasil): 1983. p. 194-196<br/>(BR8400172-AM)H60<br/>
650 ## - ASSUNTO--TERMO TÓPICO
Cabeçalho tópico ou nome geográfico SOJA
650 ## - ASSUNTO--TERMO TÓPICO
Cabeçalho tópico ou nome geográfico HERBICIDA
650 ## - ASSUNTO--TERMO TÓPICO
Cabeçalho tópico ou nome geográfico ESPACAMENTO
773 0# - ENTRADA ANALÍTICA
Título Resultados de pesquisa de soja 1981/82
Número de controle do registro H60 BR8400172
Partes relacionadas Pelotas, RS (Brasil), 1983. p. 194-196
909 ## -
-- 202404
-- Lucia
-- 55
-- Lucia Elande
942 ## - ELEMENTOS DE ENTRADA ADICIONADOS (KOHA)
Tipo de material Koha Capítulo-Livro
Fonte da classificação ou esquema de arquivamento na estante Classificação AGRIS
Exemplares
Situação do descarte Fonte da classificação ou esquema de arquivamento na estante Situação física Não pode ser emprestado Coleção Biblioteca de origem Biblioteca atual Localização na estante Total de empréstimos Número de telefone completo Data de último acesso Número do exemplar Tipo de material Koha Situação das perdas Data de aquisição Fonte de aquisição
  Classificação AGRIS       Biblioteca Nacional de Agricultura - Binagri Biblioteca Nacional de Agricultura - Binagri Agrobase - Acervo Geral   0336 BR9602654 20/05/2024 01 Capítulo-Livro   2024-04-11 Portaria Interministerial nº 164/94

BINAGRI

Telefone: (61)3218-2567/2388/3357/2097 - binagri@agro.gov.br

Ministério da Agricultura e Pecuária , Esplanada dos Ministérios, Bloco D, Anexo B, Brasília/DF, CEP: 70.043-900